Časodějové. Koruna času /
V dalším dílu série Časodějové je úkolem zachránit Feše Dragockého.
Uloženo v:
| Série: | Časodějové,
část 6 |
|---|---|
| Hlavní autor: | |
| Další autoři: | |
| Médium: | E-kniha |
| Jazyk: | Czech |
| Vydáno: |
V Praze :
Fragment,
2019
|
| Vydání: | 1. vydání |
| Témata: | |
| Příbuzné jednotky: | Z cyklu::
Časodějové |
| Tagy: |
Žádné tagy |
| LEADER | 02711nam a2200517 i 4500 | ||
|---|---|---|---|
| 001 | 311052 | ||
| 003 | CZ PrSKC | ||
| 005 | 20260601215658.0 | ||
| 007 | ta | ||
| 008 | 190320s2019 xr c 000 f cze | ||
| 015 | |a cnb003084036 | ||
| 020 | |a 9788025341056 |q (vázáno) : |c Kč 389,00 | ||
| 035 | |a (OCoLC)1104146501 | ||
| 040 | |a ABG001 |b cze |e rda | ||
| 041 | 1 | |a cze |h rus | |
| 072 | 7 | |a 821.161.1 |x Ruská literatura, rusky psaná |2 Konspekt | |
| 072 | 7 | |a 821-93 |x Literatura pro děti a mládež (beletrie) |2 Konspekt | |
| 080 | |a 821.161.1-31 |2 MRF | ||
| 080 | |a 821-93 |2 MRF | ||
| 080 | |a (0:82-312.9) |2 MRF | ||
| 100 | 1 | |a Ščerba, Natal‘ja Vasil‘jevna, |d 1981- |7 hka2016931562 |4 aut | |
| 240 | 1 | 0 | |a Časovaja bitva. |l Česky |
| 245 | 1 | 0 | |a Časodějové. |p Koruna času / |c Natalja Ščerba ; z ruského originálu Časoději - Časovaja bitva ... přeložila Martina Pálušová |
| 246 | 3 | 0 | |a Koruna času |
| 250 | |a 1. vydání | ||
| 264 | 1 | |a V Praze : |b Fragment, |c 2019 | |
| 300 | |a 423 stran ; |c 24 cm | ||
| 336 | |a text |b txt |2 rdacontent | ||
| 337 | |a bez média |b n |2 rdamedia | ||
| 338 | |a svazek |b nc |2 rdacarrier | ||
| 520 | 2 | |a V dalším dílu série Časodějové je úkolem zachránit Feše Dragockého. |b Feš Dragocij beze stopy zmizel a co čeká klíčníky je ve hvězdách. Otázek je mnoho. Podaří se Vasilise zachránit Feše? Jaký osud čeká jejího otce, Severina Ohnivého? Kdo je ve skutečnosti Rodion Hardius? A jaká tajemství ještě skrývá Rozeklaný zámek? Jediný Astragor si je svým osudem jistý a rychle postupuje k hlavnímu cíli. Získává nové spojence a drtí protivníky. Osudová chvíle se blíží - rozhodující bitva o trůn Času nastává! Nakladatelská anotace. | |
| 521 | 8 | |a Pro čtenáře od 11 let | |
| 655 | 7 | |a rusky psané romány |7 fd227906 |2 czenas | |
| 655 | 7 | |a fantasy romány |7 fd184199 |2 czenas | |
| 655 | 7 | |a publikace pro děti |7 fd133156 |2 czenas | |
| 655 | 9 | |a fiction in Russian |2 eczenas | |
| 655 | 9 | |a fantasy novels |2 eczenas | |
| 655 | 9 | |a children's literature |2 eczenas | |
| 700 | 1 | |a Pálušová, Martina, |d 1982- |7 js20080118009 |4 trl | |
| 787 | 0 | 8 | |i Z cyklu: |t Časodějové |g 6 |
| 900 | |a ABA001 |b 21 | ||
| 928 | 9 | |a Albatros Media - Fragment | |
| 044 | |a xr | ||
| 910 | |a RBIT002 | ||
| 998 | |d 185040 |a https://core.palmknihy.cz/api/books/185040/cover?si9yse |b https://core.palmknihy.cz/api/books/185040/cover/400?si9yse |c https://core.palmknihy.cz/api/books/185040/cover/50?si9yse |e 2028-08-18 |g 428 |i 9788025341056 |j https://core.palmknihy.cz/api/books/185040/preview.epub |k https://core.palmknihy.cz/api/books/185040/preview.pdf |l |q 49 |r 1 |s https://www.palmknihy.cz/kniha/185040 |t ebook |y 2019 |z 0 |v Časodějové |w 6 | ||
| 999 | |d 311050 | ||